Statistics for U.S. State... or a U.S. State Capital? #2

Click here to take the quiz!

General Stats

  • This quiz has been taken 30 times
  • The average score is 30 of 32

Answer Stats

QuestionTileSelect% Correct
the U.S. statesAugustaNo
100%
the U.S. statesBismarckNo
100%
the U.S. statesIndianapolisNo
100%
the U.S. statesLittle RockNo
100%
the U.S. statesRaleighNo
100%
the U.S. statesTopekaNo
100%
the U.S. state capitalsAlaskaNo
96%
the U.S. statesAtlantaNo
96%
the U.S. state capitalsColoradoNo
96%
the U.S. statesGeorgiaYes
96%
the U.S. statesHawaiiYes
96%
the U.S. statesKentuckyYes
96%
the U.S. statesMontanaYes
96%
the U.S. statesNew MexicoYes
96%
the U.S. statesOhioYes
96%
the U.S. state capitalsWyomingNo
96%
the U.S. statesIndianaYes
93%
the U.S. statesMaineYes
93%
the U.S. state capitalsMarylandNo
93%
the U.S. statesMissouriYes
93%
the U.S. state capitalsUtahNo
93%
the U.S. state capitalsWashingtonNo
93%
the U.S. state capitalsAlbanyYes
89%
the U.S. state capitalsBoiseYes
89%
the U.S. state capitalsDelawareNo
89%
the U.S. state capitalsDenverYes
89%
the U.S. state capitalsMassachusettsNo
89%
the U.S. state capitalsSpringfieldYes
89%
the U.S. state capitalsTrentonYes
89%
the U.S. state capitalsCarson CityYes
86%
the U.S. state capitalsDoverYes
86%
the U.S. state capitalsOlympiaYes
82%

Score Distribution

Percentile by Number Answered

Percent of People with Each Score

Your Score History

You have not taken this quiz